Medias palabras : (Registro nro. 8220)

Detalles MARC
000 -LEADER
campo de control de longitud fija 01204nam a2200313 i 4500
001 - NÚMERO DE CONTROL
campo de control 8220
003 - IDENTIFICADOR DE NÚMERO DE CONTROL
campo de control ES-MaACL
005 - FECHA Y HORA DE LA ÚLTIMA TRANSACCIÓN
campo de control 20250823063026.0
007 - CAMPO FIJO DE DESCRIPCIÓN FÍSICA--INFORMACIÓN GENERAL
campo de control de longitud fija t|
008 - DATOS DE LONGITUD FIJA--INFORMACIÓN GENERAL
campo de control de longitud fija 920309s1991 mx ||||1| spa d
020 ## - NÚMERO INTERNACIONAL ESTÁNDAR DEL LIBRO
Número Internacional Estándar del Libro 968-36-1940-1
080 ## - NÚMERO DE LA CLASIFICACIÓN DECIMAL UNIVERSAL
Número de la Clasificación Decimal Universal 86.0(72)-6"19"
080 ## - NÚMERO DE LA CLASIFICACIÓN DECIMAL UNIVERSAL
Número de la Clasificación Decimal Universal 86.0(72)(Guzmán,M.L.3.01)
080 ## - NÚMERO DE LA CLASIFICACIÓN DECIMAL UNIVERSAL
Número de la Clasificación Decimal Universal 86.0(72)(Reyes,A.3.01)
100 1# - ENTRADA PRINCIPAL--NOMBRE DE PERSONA
Nombre de persona Guzmán, Martín Luis,
Fechas asociadas al nombre 1887-1976
9 (RLIN) 61297
245 10 - MENCIÓN DEL TÍTULO
Título Medias palabras :
Resto del título correspondencia 1913-1959 /
Mención de responsabilidad, etc. Guzmán - Reyes ; edición, prólogo (epistolar), notas y apéndice documental, Fernando Curiel.
250 ## - MENCION DE EDICION
Mención de edición 1ª ed.
260 ## - PUBLICACIÓN, DISTRIBUCIÓN, ETC.
Lugar de publicación, distribución, etc. México :
Nombre del editor, distribuidor, etc. Universidad Nacional Autónoma,
Fecha de publicación, distribución, etc. 1991.
300 ## - DESCRIPCIÓN FÍSICA
Extensión 205 p. ;
Dimensiones 24 cm.
490 1# - MENCIÓN DE SERIE
Mención de serie Nueva biblioteca mexicana ;
Designación de volumen o secuencia 104
600 14 - PUNTO DE ACCESO ADICIONAL DE MATERIA--NOMBRE DE PERSONA
Nombre de persona Guzmán, Martín Luis,
Fechas asociadas al nombre 1887-1976-
Subdivisión general Correspondencia
9 (RLIN) 61298
600 14 - PUNTO DE ACCESO ADICIONAL DE MATERIA--NOMBRE DE PERSONA
Nombre de persona Reyes, Alfonso,
Fechas asociadas al nombre 1889-1959-
Subdivisión de forma Correspondencia
9 (RLIN) 96556
700 1# - ENTRADA AGREGADA--NOMBRE PERSONAL
Nombre de persona Reyes, Alfonso,
Fechas asociadas al nombre 1889-1959
9 (RLIN) 96554
700 1# - ENTRADA AGREGADA--NOMBRE PERSONAL
Nombre de persona Curiel, Fernando.
9 (RLIN) 42216
710 2# - ENTRADA AGREGADA--NOMBRE DE ENTIDAD CORPORATIVA
Nombre de entidad corporativa o nombre de jurisdicción como elemento de entrada Universidad Nacional Autónoma de México.
9 (RLIN) 7397
830 1# - PUNTO DE ACCESO ADICIONAL DE SERIE-TÍTULO UNIFORME
Título uniforme Nueva biblioteca mexicana ;
Designación de volumen o secuencia 104
9 (RLIN) 227962
852 4# - LOCALIZACIÓN
Ubicación ES-MaACL
Número de control de estantería L-15472
Nota libre - Dedicatoria autógrafa del ed. lit.
Existencias
Estatus retirado Estado de pérdida Estado de daño No para préstamo Biblioteca de origen Biblioteca actual Ubicación en estantería Fecha de adquisición Fuente de adquisición Total de préstamos Signatura topográfica completa Código de barras Visto por última vez Precio de reemplazo Tipo de ítem Koha
        Biblioteca del Ateneo de Madrid Biblioteca del Ateneo de Madrid Depósito 2 17/01/2008     L-15472 1008389 23/02/2023 23/02/2023 Libro impreso